Spor o rakety S čím všetkým súvisí vládna kríza v Holandsku

Podrobná bibliografia
Hlavný autor: Nemeček, M. (Autor)
Médium: Článok
Jazyk:slovenčina
Predmet:

MARC

LEADER 00000nab a2200000 a 4500
001 vtls000101705
003 SK-MaSNL
005 20260304055056.0
008 111104c1981 xo 0 slo
015 |a SNBRB19rr/mm-uuuuu 
035 |a CL0111808 
040 |a SNKBUCL  |b slo  |c SNKBUCL  |e AACR2 
041 0 |a slo 
044 |a xo  |c SK 
080 |a 323(100-12)(492)  |2 1981 
100 1 |a Nemeček, M.  |4 aut  |9 921559 
245 1 0 |a Spor o rakety  |b S čím všetkým súvisí vládna kríza v Holandsku  |c M. Nemeček 
650 0 7 |a vnútorná politika  |2 snkbucl  |9 970 
651 7 |a Holandsko  |2 snkbucl  |9 17433 
655 7 |a články z novín a časopisov  |2 snkbucl  |9 267496 
773 0 |t Práca  |g Roč. 36, č. 248 (20. 10. 1981), s. 3 
850 |a Slovenská národná knižnica v Martine  |a MTA001 
852 |a SNK  |b KIS3GCP 
958 |a RK 
992 |a RBX 
999 |c 2722158  |d 2724088